00681nam a2200193Ia 4500008004100000020001800041041000800059082001500067100002700082245002300109250001200132260001800144300002800162365001600190700003600206906004900242999001900291952017700310230718s9999 xx 000 0 und d a9789332518742 aeng a004.6bTAN aTanenbaum A.S.9106254 aComputer Networks  a5th ed. c2014bPearson a804dRef 103 IT (51111) cRs.b650.00 aTanenbaum A.S. & Wetherall D.J. dO:0455204-Aug-2015B:40125-Jul-2015cITb3510 c339922d339922 00104070aCCEPbCCEPd2015-08-04eTechnical Book ServicesfITg474.50i401l6o004.6pCCEP-BK-51129r2025-12-09 12:03:52s2025-11-07t3510v650.00w2015-07-25yBKz051129